Mikromechanizmy dispercionnogo tverdenija splavov /
Salvato in:
| Autore principale: | |
|---|---|
| Altri autori: | |
| Natura: | Libro |
| Lingua: | russo |
| Pubblicazione: |
Moskva :
Metallurgija,
1983
|
| Tags: |
Nessun Tag, puoi essere il primo ad aggiungerne!!
|
MARC
| LEADER | 00000nam a22000003a 4500 | ||
|---|---|---|---|
| 001 | stu38996 | ||
| 005 | 20150617225723.9 | ||
| 008 | 921209s1983----xxr-----------------rus-d | ||
| 040 | |a STU |b slo | ||
| 041 | 0 | |a rus | |
| 044 | |a xxr | ||
| 100 | 1 | |a Martin, J.W |4 aut | |
| 245 | 1 | |a Mikromechanizmy dispercionnogo tverdenija splavov / |c [aut.]J.W. Martin; Z angl. M.Ju. Matvejev | |
| 260 | |a Moskva : |b Metallurgija, |c 1983 | ||
| 300 | |a 164 s | ||
| 700 | 1 | |a Matvejev, M.Ju |4 trl | |
| 996 | |b 284M062495 |c M*7025-1 |l MMKN |s A |a 24 |w stu38996_0001 | ||